000 00444nam a2200181Ia 4500
008 230524s9999 xx 000 0 und d
020 _a8180618269
082 _a612
_bSEM
100 _aK.Sembulingam
245 0 _aEssentials of Medical Physiology
250 _a3RD
260 _aNEW DELHI
_bJaypee
_c2005
300 _aXXIII;847
500 _aQuantity Number: 31
650 _aBiomedical
700 _a Prema Sembulingam
942 _cBK
999 _c35263
_d35263